| 000 | 00454 a2200169 4500 | ||
|---|---|---|---|
| 003 | Nust | ||
| 005 | 20170207164906.0 | ||
| 040 | _cNust | ||
| 082 | _a005.1 | ||
| 100 | _aNC, Ali Muhammad Azhar BESE-15 | ||
| 245 |
_aARGS automatic report generating system (Hard / Soft-copy) _cNC Muhammad Ali Azhar |
||
| 260 |
_aRawalpindi _bNUST, MCS _cJune 2013 |
||
| 300 | _a46 ,p | ||
| 538 | _aAlmirah No 72 Shelf No 2 | ||
| 650 | _ageneratin system | ||
| 651 | _aBESE-15 | ||
| 942 | _cTHS | ||
| 999 |
_c210239 _d210239 |
||